Mechanical measurements (Record no. 1272)

MARC details
000 -LEADER
Fixed length control field 00478nam a2200181 4500
003 - CONTROL NUMBER IDENTIFIER
Control field SEACOMEC
005 - DATE AND TIME OF LATEST TRANSACTION
Control field 20240603104206.0
008 - FIXED-LENGTH DATA ELEMENTS--GENERAL INFORMATION
Fixed length control field 240603b |||||||| |||| 00| 0 eng d
020 ## - INTERNATIONAL STANDARD BOOK NUMBER / ISBN
International Standard Book Number 978-81-317-1718-9
Price Rs.375.00
040 ## - CATALOGING SOURCE
Original cataloging agency SEACOMEC
082 ## - DEWEY DECIMAL CLASSIFICATION NUMBER
Classification number 621.0287
Book Number B397
100 ## - MAIN ENTRY--PERSONAL NAME
Personal name Beckwith,Thomas G.
245 1# - TITLE STATEMENT
Title Mechanical measurements
Statement of responsibility Thomas G. Beckwith
250 ## - EDITION STATEMENT
Edition statement 5th ed.
260 ## - IMPRINT
Place of publication Delhi
Name of publisher Pearson
Date of publication 1993
650 ## - SUBJECT ADDED ENTRY--TOPICAL TERM
Topical term Measuring instruments
942 ## - ADDED ENTRY ELEMENTS (KOHA)
Koha item type Books
Holdings
Withdrawn status Lost status Source of classification Damaged status Not for loan Home library Current library Date acquired Total Checkouts Call number Accession number Date last seen Price effective from Koha item type Copy number
    Dewey Decimal Classification     SEACOM ENGINEERING COLLEGE SEACOM ENGINEERING COLLEGE 02/02/2008   621.0287 B397 9629 03/06/2024 03/06/2024 Books  
    Dewey Decimal Classification     SEACOM ENGINEERING COLLEGE SEACOM ENGINEERING COLLEGE 02/02/2008   621.0287 B397 9630 03/06/2024 03/06/2024 Books 1
© Seacom Engineering College, All rights reserved.      Powered by Koha